Privilegios Reales y viejos documentos de Arcos de la Frontera / (Record no. 122542)

MARC details
000 -LEADER
campo de control de longitud fija 00782nam a2200205 4500
001 - NÚMERO DE CONTROL
campo de control 122542
003 - IDENTIFICADOR DE NÚMERO DE CONTROL
campo de control ES-MaACL
005 - FECHA Y HORA DE LA ÚLTIMA TRANSACCIÓN
campo de control 20250913172221.0
007 - CAMPO FIJO DE DESCRIPCIÓN FÍSICA--INFORMACIÓN GENERAL
campo de control de longitud fija t|
008 - DATOS DE LONGITUD FIJA--INFORMACIÓN GENERAL
campo de control de longitud fija 070214s1975 sp r ||||1| spa d
245 00 - MENCIÓN DEL TÍTULO
Título Privilegios Reales y viejos documentos de Arcos de la Frontera /
Mención de responsabilidad, etc. presentación por Carlos Romero de Lecea ; Arcos de la Frontera por Carlos Martínez de Campos y Serrano ; glosas por Jesús de las Cuevas.
260 ## - PUBLICACIÓN, DISTRIBUCIÓN, ETC.
Lugar de publicación, distribución, etc. Madrid :
Nombre del editor, distribuidor, etc. Joyas Bibliográficas,
Fecha de publicación, distribución, etc. 1975.
300 ## - DESCRIPCIÓN FÍSICA
Extensión 13 cuad. ;
Dimensiones 36 cm.
500 ## - NOTA GENERAL
Nota general Reprod. facs.
700 1# - ENTRADA AGREGADA--NOMBRE PERSONAL
Nombre de persona Romero de Lecea, Carlos.
9 (RLIN) 99371
700 1# - ENTRADA AGREGADA--NOMBRE PERSONAL
Nombre de persona Martínez de Campos y Serrano, Carlos,
Fechas asociadas al nombre 1887-1975
9 (RLIN) 77985
700 1# - ENTRADA AGREGADA--NOMBRE PERSONAL
Nombre de persona Cuevas, Jesús de las.
9 (RLIN) 42097
852 ## - LOCALIZACIÓN
Ubicación ES-MaACL
Número de control de estantería A-5555
Sublocalización o colección R.94490
Holdings
Estatus retirado Estado de pérdida Estado de daño No para préstamo Biblioteca de origen Biblioteca actual Ubicación en estantería Fecha de adquisición Fuente de adquisición Total de préstamos Signatura topográfica completa Código de barras Visto por última vez Precio de reemplazo Tipo de ítem Koha
        Biblioteca del Ateneo de Madrid Biblioteca del Ateneo de Madrid Sala Pecera Planta 1 17/01/2008     A-5555 1127692 23/02/2023 23/02/2023 Libro impreso